NBA Year in Review: 2022–23 - Statistics

General Stats
  • This quiz has been taken 457 times
    400 since last reset
  • The average score is 12 of 17
Answer Stats
Hint Answer % Correct
Finals MVP Nikola Jokić
100%
Western Conference Finals MVP Nikola Jokić
100%
Triple-Doubles Leader Nikola Jokić
100%
Most Valuable Player Joel Embiid
98%
Points Per Game Leader Joel Embiid
98%
Eastern Conference FInals MVP Jimmy Butler
90%
Defensive Player of the Year Jaren Jackson Jr.
85%
Blocks Per Game Leader Jaren Jackson Jr.
85%
All-Star Game MVP Jayson Tatum
77%
Rookie of the Year Paolo Banchero
76%
Clutch Player of the Year De'Aaron Fox
57%
Assists Per Game Leader James Harden
51%
Rebounds Per Game Leader Domantas Sabonis
45%
Coach of the Year Mike Brown
39%
Most Improved Player Lauri Markkanen
32%
Sixth Man of the Year Malcolm Brogdon
31%
Steals Per Game Leader OG Anunoby
15%
No matching quizzes found
Score Distribution
Percent of People with Each Score
Percentile by Number Answered
Your Score History
You have not taken this quiz since the last reset